=LDR 00000nam 2200000 4500 =001 INLIS000000000809978 =005 20250913041521 =035 ##$$a 0010-0925000103 =007 ta =008 250913###########################0###### =020 ##$$a 978-979-26-5871-2 =082 ##$$a 297.125 =084 ##$$a 297.125 ABU m =245 ##$$a Membela Hadits Nabi /$c Abu Ubaidah Yusuf bin Mukhtar As-Sidawi =260 ##$:$b Bogor : Media Tarbiyah., 2012 =300 ##$; $c 414 halaman; 16 cm x 24 cm